000 01101nmm a2200301 a 4500
001 ocm0001411885
003 TR-IsHL
005 20201028164931.0
008 160220s2015 tu tur
007 cr cn
020 _a9786055032166
035 _a1411885
_b(N$T)
050 0 4 _aG460
_b.E955 2015
090 0 4 _aG460
_b.E955 2015
100 1 _aEvliya Çelebi
245 1 0 _aEvliya Çelebi seyahatnamesi'nden seçmeler
_h[electronic resource] /
_cEvliya Çelebi ; hazırlayan Mete Göktürk
260 _aİstanbul :
_bAvrupa Yakası Yayınları,
_c2015
300 _a225 p.
650 4 _aSpor, Seyahat ve Turizm
650 4 _aSports, Travel & Tourism
650 0 _aEvliya Çelebi, 1611?-1682?
_xYolculuklar
650 0 _aEvliya Çelebi, 1611?-1682?
_xJourneys
650 0 _aTürkiye
_xSeyahat ve betimleme
_x1800 den önceki çalışmalar
650 0 _aTurkey
_xDescription and travel
_xEarly works to 1800
650 7 _aTRAVEL / General
_2bisacsh
700 1 _aGöktürk, Mete
856 4 0 _uhttp://search.ebscohost.com/login.aspx?direct=true&scope=site&db=e011xww&AN=1411885
999 _c15744
_d15744